Billie Eilish - Your Power Lyrics - Statistics

General Stats
  • This quiz has been taken 386 times
  • The average score is 206 of 239
Answer Stats
Answer % Correct
a
100%
You
100%
"You
100%
you
100%
you?
100%
No
99%
not
99%
power
99%
to
99%
your
99%
abuse
97%
I
97%
Try
97%
know
94%
know)
94%
didn't
93%
(didn't
93%
we
93%
when
92%
change
90%
could
89%
her
89%
it
89%
said
89%
She
89%
she
89%
was
89%
And
88%
How
88%
how
88%
in
88%
(in
88%
the
88%
wanna
88%
But
87%
"But
87%
lose
87%
might
87%
were
87%
dare
85%
like
84%
Like
84%
hero,
82%
Would
81%
choose
80%
feel
78%
don't
76%
me
76%
so
76%
thought
76%
she's
75%
out?
74%
out
74%
sleepin'
74%
strange
74%
swear
74%
that
74%
act
73%
my
73%
part"
73%
played
73%
bad
72%
it's
72%
now
72%
only
72%
age
71%
got
71%
made
71%
clothes
70%
clothes)
70%
get
70%
If
70%
if
70%
ruined
70%
class
69%
all
68%
fault
68%
keep
68%
they
68%
year
68%
back
66%
cage?
66%
control?
66%
control
66%
control)
66%
find
66%
hard"
66%
havin'
66%
special
66%
why
66%
wonder
66%
Does
65%
isn't
65%
take
65%
ask
64%
devil
64%
turns
64%
lost
62%
For
61%
Will
59%
appeal
57%
contract?
55%
kill
53%
pain
53%
No matching quizzes found
Score Distribution
Percent of People with Each Score
Percentile by Number Answered
Your Score History
You have not taken this quiz